[Event "EU-Cup 16th"]
[Site "Neum"]
[Date "2000.09.28"]
[Round "5.3"]
[White "Movsesian, Sergei"]
[Black "Lyrberg, Patrik"]
[Result "1-0"]
[WhiteElo "2666"]
[BlackElo "2413"]
[Annotator "Psakhis,L"]
[PlyCount "67"]
[EventDate "2000.09.24"]
[EventType "team-swiss"]
[EventRounds "7"]
[EventCountry "BIH"]
[SourceTitle "CBM 080"]
[Source "ChessBase"]
[SourceDate "2001.01.25"]
[SourceVersion "1"]
[SourceVersionDate "2001.01.25"]
[SourceQuality "1"]
[WhiteTeam "Sarajevo Bosna"]
[BlackTeam "Stockholm Rockaden"]
[WhiteTeamCountry "BIH"]
[BlackTeamCountry "SWE"]

1. e4 e6 2. d4 d5 3. e5 c5 4. c3 Nc6 5. Nf3 cxd4 6. cxd4 Nge7 7. Na3 Nf5 8. Nc2
Bd7 ({Worth consideration} 8... Qb6 {nad after for example} 9. Bd3 Nb4 10. Nxb4
Bxb4+ 11. Bd2 Bd7 12. Bxb4 Qxb4+ 13. Qd2 Qb6 14. Bxf5 exf5 15. O-O O-O {
1/2-1/2 Vasicek,M-Boukal,P/Czech t-ch 1995 (22) game is equal.}) 9. Bd3 Be7 10.
h4 (10. O-O O-O 11. g4 Nh4 12. Nxh4 Bxh4 13. f4 Be7 14. g5 g6 15. Be3 Qb6 16.
Rb1 a5 17. Rf2 Rac8 {1/2-1/2 Zaichik,G-Kochyev,A/Moscow-B 1988 (17)}) 10... Qb6
$146 (10... Qa5+ 11. Kf1 Qb6 12. Rb1 h5 13. Kg1 a5 14. Bxf5 exf5 15. Bg5 Nb4
16. Bxe7 Kxe7 17. Nxb4 axb4 18. Qb3 Rhc8 19. a3 Rc4 20. axb4 f4 21. Kh2 Qxb4
22. Qd3 g6 23. b3 Rc6 24. Ra1 Ra3 25. Rxa3 {Kerkmeester,H-Berend,F/Mondorf
1991/1/2-1/2 (60)}) 11. Kf1 $5 ({Black has nothing to worry about after} 11.
Bxf5 exf5 12. Ne3 Be6 $11) 11... a5 12. Bxf5 exf5 13. h5 f4 {[%cal Gd7f5]
Beginning of counterplay but it will be more difficult for white to prove
advantage after simple} (13... h6 $5) 14. Bxf4 {The text looks much more
energetic than} (14. b3 Bf5 {[%cal Gf5c2,Gc6d4]} 15. Nce1 (15. Bxf4 Bxc2 16.
Qxc2 Nxd4) 15... a4 $5 $13) 14... Qxb2 15. Ne3 {[%cal Ge3d5,Ga1b1]} Nb4 {
[%cal Gd7b5]} 16. Kg1 Rc8 (16... Nd3 17. Bg3) 17. Kh2 $1 ({It looks tempting
to harrass this knight with} 17. a3 {but} Nd3 $1 $17 {will follow}) 17... h6 (
17... Qxf2 18. Rf1 Qb2 19. a3 Nc2 20. Qd2 Qb3) 18. a3 Bg5 19. Kg3 $5 {Brave
decision!} (19. Bxg5 $5 hxg5 20. Kg3 (20. axb4 $4 Qxf2 $19) 20... g4 (20... Nc2
21. Qd2) 21. axb4 gxf3 22. Rb1 $36) 19... Bxf4+ 20. Kxf4 O-O (20... Na2 $5 {
[%cal Ga2c3]} 21. Qd2 (21. Qb1 Qxb1 22. Rhxb1 Nc3 23. Rxb7 $140 $4 Ne2#) 21...
Qxd2 22. Nxd2 Nc3 $13) 21. Kg3 {Very understandble move, but I didn,t found
how Lyrberg wanted to use strange position of white's monarch after} (21. axb4
Qxf2 22. Nxd5 (22. Rf1 $4 g5+ $1 23. hxg6 fxg6+ $19 {[%cal Rf8f4]}) {and} 22...
g5+ $140 {fails after} 23. hxg6 fxg6+ 24. Nf6+) 21... Nc6 (21... Nc2 {leads to
very unpleasant pin -} 22. Qd2 $16 (22. Nxd5 Nxa1 23. Ne7+ Kh8 24. Nxc8 Rxc8
25. Qxa1 $16)) 22. Qd3 (22. Qb1 $5 {Looks also good - after} Qxb1 23. Rhxb1 {
[%csl Rb7,Rd5] white's advantage in endgame is obvious}) 22... f5 23. exf6 {
Movsesian already had good choice,} (23. Nxd5 $5 f4+ 24. Nxf4 Bf5 25. Qc4+ $18
{wins without much troubles}) 23... Rxf6 24. Rhb1 {[%csl Rb2]} Rxf3+ $8 25.
gxf3 Qxd4 26. Qxd4 Nxd4 27. Rxb7 $18 {It is clear that ending is winning for
white quite easy.} Bc6 28. Rb6 Rf8 29. Rd1 Ne2+ 30. Kh2 Ba8 31. Nxd5 Bxd5 32.
Rxd5 Rxf3 33. Rd8+ Kh7 (33... Rf8 34. Rxf8+ Kxf8 35. Ra6) 34. Rbb8 {[%cal
Rd8h8]} 1-0

[Event "Linares Anibal op 07th"]
[Site "Linares"]
[Date "2000.01.13"]
[Round "7"]
[White "Jonkman, Harmen"]
[Black "Hovhannisyan, Mher"]
[Result "1-0"]
[WhiteElo "2421"]
[BlackElo "2361"]
[Annotator "Psakhis,L"]
[PlyCount "117"]
[EventDate "2000.01.07"]
[EventType "swiss"]
[EventRounds "10"]
[EventCountry "ESP"]
[SourceTitle "CBM 075"]
[Source "ChessBase"]
[SourceDate "2000.04.05"]
[SourceVersion "1"]
[SourceVersionDate "2000.04.05"]
[SourceQuality "1"]

1. e4 e6 2. d4 d5 3. e5 c5 4. c3 Nc6 5. Nf3 Qb6 6. Be2 cxd4 7. cxd4 Nge7 8. Na3
Nf5 9. Nc2 Bb4+ 10. Bd2 {[%mdl 512] Quite a rare move, usually white continued}
(10. Kf1 {but Jonkman had already negative experience in this line} Be7 11. g4
Nh4 12. Nxh4 Bxh4 13. Kg2 Be7 14. Rb1 a5 15. Be3 Bd7 16. a4 Rc8 17. Qd3 O-O 18.
f4 f6 19. h4 fxe5 20. fxe5 Nb4 21. Nxb4 Qxb4 22. Bd2 Qxa4 23. Ra1 Qc2 24. Rxa5
Bd8 $36 {0-1 Jonkman,H-Farago,I/Haarlem 1996 (44)}) 10... Bxd2+ 11. Qxd2 Qxb2
12. O-O Qb6 {Surely White has enough compensation for a pawn, but it is good
question how to develop his initiative.} (12... Nfxd4 13. Nfxd4 Nxd4 14. Qxd4
Qxc2 15. Bb5+ Bd7 16. Bxd7+ Kxd7 17. Rfc1 Qe4 18. Rc7+ Kxc7 19. Qc5+ Kd7 20.
Qd6+ Ke8 21. Rc1 Rd8 22. Qc7 Qb4 23. h3 Qb6 {0-1 Henry,T-Paci,C/FRA-chJ B20
Romans 1999 (23)}) 13. Bd3 (13. g4 Nfe7 14. Nfe1 Bd7 15. f4 h5 16. gxh5 Nf5 17.
Rd1 O-O-O 18. Ng2 f6 19. Nge3 Nxe3 20. Qxe3 fxe5 21. fxe5 Qb2 22. Na3 a6 23.
Rd2 Qb6 24. Rb1 Qa7 25. Kh1 Be8 26. Bg4 Bxh5 27. Bxe6+ Kb8 {Deev,A-Neverovsky,
G/Podolsk 1990/1/2-1/2 (53)}) 13... Qd8 $5 $146 {[%cal Gg2g4,Gf5h4]} (13... O-O
14. g4 Nfe7 15. Qg5 Ng6 16. Qh5 Nce7 17. Nh4 f5 18. exf6 Rxf6 19. g5 Rf4 20.
Nxg6 hxg6 21. Bxg6 Nxg6 22. Qxg6 Qd8 23. f3 e5 24. Ne3 exd4 25. Ng4 Bxg4 26.
fxg4 Rxg4+ 27. Kh1 Qe8 28. Qf5 Qe4+ 29. Qxe4 dxe4 {0-1 Kitto,F-Koenig,I/
Bournemouth 1939 (29)}) 14. Rab1 {Now it is not so easy for Black to complete
his development} O-O 15. Rfc1 h6 16. Qc3 Rb8 {[%cal Gc8d7]} 17. Na3 Nh4 $1 {
Avoiding the line} (17... Bd7 $6 18. Bxf5 exf5 19. Nb5 $44) 18. Ne1 f6 19. g3
fxe5 20. dxe5 Qg5 {It looks that Black grab initiative, but everything is not
so simple} (20... Nf5 21. Nb5 a6 22. Bxf5 Rxf5 23. Nd4 Nxd4 24. Qxd4 $44) 21.
Kh1 $5 Rxf2 22. gxh4 Qxh4 (22... Qf4 23. Ng2 Qf3 24. Rg1) 23. Ng2 Qg5 24. Rg1
Qxe5 {Black got already four pawns for the N, but in the middlegame very often
piece is more important} 25. Qc5 d4 (25... Qd4 $5 $15) 26. Qc4 Bd7 (26... b6 $6
27. Qxc6 Bb7 28. Qb5) 27. Rbe1 Qh5 28. Nb5 Ne5 ({Desreves attention} 28... Rb2
$5 {with possible continuation} 29. Nxd4 $140 Rb4 30. Nxc6 $1 Rxc4 31. Nxb8 Bb5
$5 $132 (31... Rd4 32. Nxd7 Rxd7 33. Bc4 $36)) 29. Qc5 Nxd3 $1 {[%mdl 64]} 30.
Qxh5 Rf5 31. Qe2 Nf2+ 32. Qxf2 Rxf2 33. Nxd4 Rxa2 (33... Rc8 $5 $132) 34. Nf4
g5 35. h4 {It looks that draw must be normal result of interesting game, but...
} Rf8 $6 (35... Ra4 {could secure Black from losing}) 36. Nfxe6 Rf6 {Second,
already serious inaccuracy. It is good question who is better after} (36...
Rff2 $1) 37. hxg5 Rff2 {Last mistake} (37... Rxe6 $1 38. gxh6+ (38. Nxe6 $4
Bc6+ $19) (38. Rxe6 Bxe6 39. Nxe6 hxg5 $11) 38... Kh8 39. Rxe6 Bxe6 40. Nxe6
Kh7 $11 {still could keep balance}) 38. gxh6+ Kh7 39. Rg5 Rh2+ 40. Kg1 Bxe6 41.
Rxe6 Rxh6 42. Re7+ Kh8 43. Nf5 $18 {[%csl Ge7,Gf5,Gg5][%cal Re7e8,Rg5g7] Black
is helpless against concerted attack of three white pieces.} Ra1+ (43... Rh3
44. Re8+ Kh7 45. Rg7#) 44. Kg2 Ra2+ 45. Kg3 (45. Kf3 $6 Rh3+ 46. Kg4 $140 $2
Rg2+) 45... Ra3+ 46. Kg4 Ra4+ 47. Kf3 Ra3+ 48. Ke4 $1 Ra4+ 49. Kd5 Ra5+ 50. Kc4
Rh4+ 51. Kd3 Rd5+ (51... Ra3+ 52. Kc2 Rh2+ 53. Kb1 Rb3+ 54. Kc1 Rc3+ 55. Kd1
Rc8 56. Rxb7 $18) 52. Ke3 Rh3+ 53. Kf4 Rd8 54. Rgg7 a5 55. Rgf7 Rh1 56. Ng3
Rh4+ 57. Kg5 Rh2 58. Nh5 Rg8+ (58... Rg2+ 59. Kh6 Rd6+ 60. Nf6) 59. Kh6 1-0

[Event "Linares Anibal op 07th"]
[Site "Linares"]
[Date "2000.01.15"]
[Round "9"]
[White "Shabalov, Alexander"]
[Black "Dolmatov, Sergey"]
[Result "1/2-1/2"]
[WhiteElo "2566"]
[BlackElo "2600"]
[Annotator "Psakhis,L"]
[PlyCount "46"]
[EventDate "2000.01.07"]
[EventType "swiss"]
[EventRounds "10"]
[EventCountry "ESP"]
[SourceTitle "CBM 075"]
[Source "ChessBase"]
[SourceDate "2000.04.05"]
[SourceVersion "1"]
[SourceVersionDate "2000.04.05"]
[SourceQuality "1"]

1. e4 e6 2. d4 d5 3. e5 c5 4. c3 Nc6 5. Nf3 Qb6 6. a3 Bd7 7. Be2 Nh6 (7... f6
8. exf6 Nxf6 9. O-O Bd6 10. b4 cxd4 11. cxd4 Qc7 12. g3 O-O 13. Bb2 Rae8 14.
Nc3 a6 15. Rc1 Qd8 16. Na4 Qe7 17. Nc5 Bc8 18. Ne5 Bxe5 19. dxe5 Nd7 {1-0
Jelinek,M-Kovarik,J/Svetla nad Sazavou op-A 1999 (31)}) 8. b4 cxd4 9. b5 $146 {
Interesting new move, but real value of it we,ll know just in future.} (9. Bxh6
d3 $1 10. Bxd3 gxh6 11. O-O Bg7 {[%csl Re5]} 12. Re1 O-O 13. Ra2 (13. Nbd2 f6
14. exf6 Bxf6 15. Ra2 Kh8 16. c4 a5 17. b5 Nd4 18. Nxd4 Qxd4 19. Nf3 Qf4 20.
Re3 dxc4 21. Bxh7 Bxb5 22. Bb1 Rad8 23. Rd2 c3 24. Qc2 Qf5 25. Rxd8 Rxd8 26.
Qc1 Qd5 27. Bc2 Rd7 $36 {Sveshnikov,E-Razuvaev,Y/Palma de Mallorca (GMA) 1989
0-1 (38)}) 13... Rac8 (13... f6 $5) 14. Nbd2 Ne7 15. c4 Qc7 16. cxd5 Nxd5 17.
Rc2 Qb8 18. Qb1 $1 $36 {Kholmov,R-Borges,M/Belgorod 1990/1-0 (56)}) (9. cxd4 $5
Nf5 10. Bb2) 9... Ne7 10. a4 dxc3 11. Nxc3 {[%csl Ga4,Gb5,Rd7,Rh6][%mdl 512]}
Ng6 12. O-O Ng4 {[%cal Gg4e5]} 13. a5 Qc7 14. Bb2 N4xe5 15. b6 {Shabalov
managed to organize strong attack despite serious material deficit} Nxf3+ 16.
Bxf3 axb6 17. Nxd5 {[%mdl 512]} (17. axb6 Qb8 18. Rxa8 Qxa8 19. Qd4 $5) 17...
exd5 18. axb6 Qd8 19. Rxa8 Qxa8 20. Bxd5 Be7 21. Qd4 Be6 ({I didn't found how
white successfully develop initiative after} 21... Bc6 {for example} 22. Bxc6+
(22. Ra1 Qb8 23. Bb3 Bf6 24. Qe3+ Ne7) 22... bxc6 23. Ra1 Qb8 24. Ra7 f6 25.
Ba3 Qd8 26. Qxd8+ Bxd8 {but Shabalov surely had something in mind}) 22. Bxe6
fxe6 23. Qxg7 Qd8 (23... Qd8 24. Ra1 $5 (24. Rc1 $5)) 1/2-1/2

[Event "FRA-ch"]
[Site "Meribel"]
[Date "1998.08.22"]
[Round "9"]
[White "Degraeve, Jean Marc"]
[Black "Guigonis, Dominique"]
[Result "1-0"]
[WhiteElo "2580"]
[BlackElo "2315"]
[Annotator "Psakhis,L"]
[PlyCount "57"]
[EventDate "1998.08.14"]
[EventType "tourn"]
[EventRounds "15"]
[EventCountry "FRA"]
[EventCategory "10"]
[SourceTitle "CBM 067"]
[Source "ChessBase"]
[SourceDate "1998.11.30"]
[SourceVersion "2"]
[SourceVersionDate "1998.11.01"]
[SourceQuality "1"]

1. e4 {Baburin.} e6 2. d4 d5 3. e5 c5 4. c3 Nc6 5. Nf3 Qb6 6. a3 Nh6 7. b4 cxd4
8. cxd4 Nf5 9. Bb2 Be7 10. Be2 O-O ({According to modern theory black hasn't
any troubles after} 10... Bd7 $1 {for example} 11. O-O (11. Nc3 $6 Nfxd4 12.
Nxd4 Qxd4 13. Qxd4 Nxd4 14. Nxd5 Nc2+ 15. Kd2 exd5 16. Kxc2 Rc8+ $15) 11... h5
$5 (11... O-O 12. Qd2 f6 13. Rd1 fxe5 14. dxe5 Be8 15. Nc3 Nh4 $36 {0-1 Egorov,
E-Gavrjushin,O/Perm 1997 (26)}) 12. b5 Na5 13. Nc3 a6 14. Na4 Qd8 15. bxa6 bxa6
16. Bc3 Bb5 17. Rb1 Bxe2 18. Qxe2 Nc4 $15 {0-1 Kozak,A-Dolmatov,S/RUS-ch m1-2
1997 (35)}) 11. Nc3 $6 {N/} (11. O-O a5 12. b5 a4 13. Kh1 Na5 14. Nc3 Nc4 15.
Bxc4 dxc4 16. Qd2 Bd7 17. Rab1 Qa5 18. d5 exd5 19. Qxd5 $14 {1-0 Short,
N-Bareev,E/Geneva PCA 1996 (34)}) 11... Nh4 $2 {It is strange that instead
this not very good move, black didn't take pawn on d4} (11... Nfxd4 $1 12. Nxd4
Qxd4 13. Qxd4 (13. b5 Qxd1+ 14. Nxd1 Na5) 13... Nxd4 14. Nxd5 Nc2+ 15. Kd2 exd5
16. Kxc2 Bf5+ 17. Bd3 Rac8+ 18. Kd2 Bg5+ 19. Ke2 Bxd3+ 20. Kxd3 Rc4 $15) 12.
Nxh4 Bxh4 13. Na4 Qd8 14. Nc5 $36 {@} f6 (14... b6 15. Nb3 {[%cal Ra1c1,Rc1c8]}
) 15. O-O fxe5 16. dxe5 b6 17. Nb3 $16 {[%csl Gd4,Rh4][%cal Ya1c1,Yc1c8,Ye2d3,
Yd1h5]} Bd7 18. Bd3 {[%csl Gg8][%cal Yd1h5]} Qe8 (18... Qg5 $2 19. g3 $18) (
18... Be8 19. Qg4 Qe7 20. b5 {[%cal Gb3d4]}) 19. Qg4 Be7 20. Rac1 a5 (20... Rc8
21. f4 {[%cal Rf1f3]}) 21. b5 Nd8 {Baburin: 'Black did not play the opening
well and allowed his opponnent to consolidate the space advantage which he
acquired with 3 e5. Here White has good attacking chances on both flanks and
enjoys a huge positional advantage. Yet he needs to increase it and his next
move is quite instructive in this respect:'} 22. Qh3 {'!?' Baburin. Baburin:
'White is probing the kingside. Now either way of defending the h7-square - 22.
..h6 or 22...g6 - will have its own drawbacks. Thus, White improves his
chances for a future attack.'} (22. Rc7 Nf7 {[%cal Ge7d8]}) 22... g6 ({After} 
22... h6 {Baburin} 23. a4 {White might be able to build up a battery on the
now weak b1-h7 diagonal by Bb1 and Qd3.}) 23. a4 {[%cal Rb2d4]} Nb7 24. Bd4 {
[%csl Rb6]} Bd8 (24... Rf4 25. Qe3 Bg5 26. Rc7 $18) 25. Qe3 $18 Qe7 26. Bxb6
Qb4 27. Bxd8 Qxb3 ({Slightly better was to play} 27... Rfxd8 28. Nd4 Nc5 {
but after, for example} 29. Nc6 Bxc6 30. Qxc5 $18 {black,s position is
desperate.}) ({The benefits of the move 22 Qh3 can be clearly seen after} 27...
Raxd8 {Baburin} 28. Bxg6 $1 hxg6 29. Rc7 $18) 28. Bf6 Rf7 29. Bxg6 1-0

[Event "Moscow Aeroflot op"]
[Site "Moscow"]
[Date "2002.02.06"]
[Round "3"]
[White "Sandipan, Chanda"]
[Black "Dolmatov, Sergey"]
[Result "1/2-1/2"]
[WhiteElo "2452"]
[BlackElo "2588"]
[Annotator "Psakhis,L"]
[PlyCount "43"]
[EventDate "2002.02.04"]
[EventType "swiss"]
[EventRounds "9"]
[EventCountry "RUS"]
[SourceTitle "CBM 088"]
[Source "ChessBase"]
[SourceDate "2002.03.21"]
[SourceVersion "1"]
[SourceVersionDate "2002.03.21"]
[SourceQuality "1"]

1. e4 e6 2. d4 d5 3. e5 c5 4. c3 Nc6 5. Nf3 Qb6 6. a3 Nh6 7. b4 cxd4 8. cxd4
Nf5 9. Bb2 Be7 (9... Bd7 10. Be2 Rc8 11. O-O Be7 12. Qd2 h5 13. Rd1 g5 14. Nc3
g4 15. Ne1 Qd8 16. Nc2 Bg5 $132 {0-1 Grosar,A-Tukmakov,V/SLO t-ch Bled 2001 
(40)}) 10. h4 (10. Bd3 O-O 11. O-O a5 12. b5 a4 13. Ra2 $1 $14 Na5 14. Nc3 g6
15. Bxf5 gxf5 16. Bc1 $36 {1-0 Vallejo Pons,F-Hernandez ,G/Dos Hermanas op 2002
}) 10... a5 $146 {Very important novelty in well know position.} ({Black
didn't managet to equalize after} 10... h5 11. Bd3 g6 $5 (11... a5 12. Bxf5
exf5 13. Nc3 axb4 14. Nxd5 Qa5 15. Nxe7 b3+ 16. Nd2 Nxe7 17. Qxb3 $16 {
Sveshnikov,E-Bareev,E/RUS-ch Elista 1996 1-0 (56)}) 12. Bxf5 gxf5 13. Nc3 Rg8
14. O-O $1 {Improvement compare to} (14. Ng5 Qxd4 15. Qxd4 Nxd4 16. Nxd5 Nc2+
17. Kd2 exd5 $11 {Grischuk,A-Sakaev,K/RUS t-ch Tomsk 2001}) 14... Rg4 15. Ne2
Bd7 16. g3 O-O-O 17. Bc1 $1 Rdg8 18. Kh1 $14 {1-0 Grischuk,A-Zhang Pengxiang/
CHN-RUS Summit Shanghai 2001/CBM 85 (31)}) (10... Bd7 11. g4 (11. h5 $5) 11...
Nh6 12. Rg1 f6 (12... O-O 13. Nc3 f6 14. Na4 Qd8 15. exf6 Rxf6 16. g5 Rxf3 17.
Qxf3 Nf5 18. Rg4 Ncxd4 19. Bxd4 Nxd4 20. Rxd4 Bxa4 21. Bd3 Qc7 22. Kf1 $1 $14 {
1-0 Grischuk,A-Johannessen,L/Reykjavik op 2000 (33)}) 13. exf6 gxf6 14. Bd3 Nf7
15. Qe2 O-O-O 16. Nc3 Kb8 17. Rc1 Rc8 {1/2-1/2 Svidler,P-Beliavsky,A/
Novosibirsk 1995 (24)}) 11. b5 a4 $1 {Typical, but nice idea. Black free a5
square for the knight.} 12. g4 Nh6 13. Nc3 ({Worth considering} 13. Bc1 Na5 (
13... Na7 $5 14. Bxh6 gxh6 15. Qxa4 Bd7 16. Nc3 Rc8 {looks quite good for black
}) 14. Bxh6 (14. Qxa4 Nxg4) 14... Nb3 $1 (14... gxh6 15. Qxa4) 15. Bxg7 Rg8 16.
Bf6 ({Black will have wnough compenstion for a pawn after} 16. Ra2 Rxg7 17. g5
Bd7 $44) 16... Nxa1 $5 (16... Bxf6 17. Ra2 (17. exf6 Nxa1 18. g5 Nb3 19. Qd3)
17... Be7 18. g5 Bd7 19. Qd3) 17. Bxe7 Kxe7 $13 {with little bit starnge, but
interesting position}) 13... Nxg4 $1 14. Nxa4 (14. Rg1 h5) 14... Qa5+ 15. Nd2 (
15. Nc3 $142 Qb6 $5 (15... Na7 16. h5) 16. Be2 Na5 $132) 15... Qxa4 ({Strange
that Sergei dolmatov didn't play} 15... Ncxe5 $142 $1 {and White must fight
for equality after almost force} 16. Rc1 (16. dxe5 Qxa4 17. Qxa4 Rxa4 $17)
16... Nd7 17. Qxg4 Qxa4 18. Qxg7 Bf6 $15) 16. Qxg4 Nxe5 17. Qxg7 Ng6 18. h5 $1
{Better a lean peace than a fat victory - after} (18. Bd3 Bf8 19. Qf6 Rg8 $15 {
[%cal Gf8g7] black's chances are better.After text black must agree to moves
repetitions.}) 18... Bf8 19. Qf6 Be7 $11 20. Qg7 Bf8 21. Qf6 Be7 22. Qg7 {
Short, but interesting game, quite important for theory.} 1/2-1/2

[Event "ENG-CHN"]
[Site "London"]
[Date "1997.??.??"]
[Round "3"]
[White "Peng, Xiaomin"]
[Black "McDonald, Neil R"]
[Result "0-1"]
[WhiteElo "2500"]
[BlackElo "2490"]
[Annotator "Psakhis,L"]
[PlyCount "66"]
[EventDate "1997.04.??"]
[EventType "schev"]
[EventRounds "3"]
[EventCountry "ENG"]
[SourceTitle "CBM 059"]
[Source "ChessBase"]
[SourceDate "1997.08.01"]
[SourceVersion "1"]
[SourceVersionDate "1997.08.01"]
[SourceQuality "1"]

1. e4 e6 2. d4 d5 3. e5 c5 4. c3 Nc6 5. Nf3 Bd7 6. Be2 Nge7 7. O-O cxd4 8. cxd4
Nf5 9. Nc3 Rc8 ({Deserves attention also brave} 9... h5 $5 {for example} 10.
Bg5 Be7 11. Bxe7 (11. h4 Bxg5 12. hxg5 $15) 11... Qxe7 12. Qd2 g5 $1 $15 {
1/2-1/2 Romero Holmes,A-Kortchnoi,V/Wijk 1992 (46)}) 10. Kh1 (10. g4 Nh4 11.
Nxh4 Qxh4 12. Be3 f6 13. f4 Be7 14. Kg2 fxe5 15. fxe5 Rf8 16. Qd2 a6 $11 {
1/2-1/2 Edelman,D-Kindermann,S/Muenster 1994 (48)}) (10. a3 a6 11. Be3 Be7 12.
Bd3 Nxe3 13. fxe3 O-O 14. Rc1 f5 15. exf6 Bxf6 16. Kh1 g6 $1 17. Bb1 Bg7 18.
Na4 Rc7 19. Nc5 Bc8 20. Qa4 e5 $15 {1/2-1/2 Nunn,J-Luther,T/Hastings 1994 (42)
^^}) 10... Qb6 $5 {N/} (10... Be7 11. g4 Nh4 12. Nxh4 Bxh4 13. Be3 O-O 14. f4
f6 15. exf6 Bxf6 16. Na4 Be7 17. Rc1 Na5 18. Rxc8 Qxc8 $11 {0-1 Rohl,J-Luther,
T/Capablanca-B1 1997 (48)}) 11. Na4 Qa5 $5 12. Bd2 Qd8 13. Be1 {Why so passive
move? Natural} (13. Be3 $5 {was stronger.}) 13... h5 $1 14. a3 g5 $1 {[%csl
Ra4,Rd4] White pieces are not active, pawn on d4 weak, and this is a reason,
why Black have right for so big activity on the king side.} 15. Bc3 g4 16. Ne1
f6 $1 17. Bd3 (17. exf6 Qxf6) 17... fxe5 18. Bxf5 (18. dxe5 d4) 18... exf5 19.
dxe5 d4 20. Bb4 (20. Bd2 b5 21. Qe2 d3 $1 22. Nxd3 (22. Qe3 Bh6) 22... Nd4 23.
Qe3 Nc2 $19) 20... Nxb4 21. axb4 Bb5 22. Rg1 (22. Nd3 h4 (22... b6 $5) 23. Nac5
h3 $36) 22... b6 $5 23. Nc2 (23. Nd3 $5) 23... d3 24. Ne3 (24. Nc3 $2 dxc2 25.
Qxd8+ Kxd8 26. Nxb5 Bh6 27. Nd6 Rc7 28. e6 Rhh7 $19) (24. Na3 Bc6) 24... f4 25.
Nxg4 $6 {Desperation sucrifice.Stronger was cold blooded} (25. Nf5 Qd7 26. Nd6+
(26. e6 Qd5) 26... Bxd6 27. exd6 f3 $5 (27... Qxd6 28. Nc3 Bc6) 28. Re1+ (28.
gxf3 Qxd6 $17) 28... Kf8 29. Nc3) 25... hxg4 26. Qxg4 Rc7 $19 {Now game is
over. Black has and material advantage and decisive attack.} 27. h3 (27. Qg6+
Rf7 28. e6 $2 Rxh2+ $19) 27... Rh6 28. Nc3 Bc6 29. f3 Qh4 30. Qf5 Bd7 31. e6
Bxe6 32. Qb5+ Kf7 33. Rae1 Qg3 0-1